Divoká zvířata /

Hlavní autor: Inaraja, Javier
Další autoři: Busquets, Jordi, 1961-
Jazyk: Čeština
Vydáno: Praha : Sun, 2006
Vydání: 1. vyd.
Edice: Čtu a vím
Témata:
Fyzický popis: 21 s. : barev. il. ; 24 cm
Knihy
Uloženo v:
LEADER 01516nam a2200469 a 4500
001 nkc20051581773
003 CZ PrNK
005 20111005073621.0
007 ta
008 050913s2006 xr a b 000 j cze
015 |a cnb001581773 
020 |a 80-86965-75-9  |q (váz.) 
035 |a (OCoLC)85716752 
040 |a BOA001  |b cze  |d ABA001 
041 1 |a cze  |h spa 
072 7 |a 821-93  |x Literatura pro děti a mládež (beletrie)  |2 Konspekt  |9 26 
080 |a 821-32  |2 MRF 
080 |a 821-93  |2 MRF 
080 |a 37.016:028-028.31  |2 MRF 
080 |a (0:82-32)  |2 MRF 
100 1 |a Inaraja, Javier  |7 mzk2005304591  |4 ill 
245 1 0 |a Divoká zvířata /  |c ilustrace Javier Inaraja ; překlad Jana Zamorová 
250 |a 1. vyd. 
260 |a Praha :  |b Sun,  |c 2006 
300 |a 21 s. :  |b barev. il. ;  |c 24 cm 
490 1 |a Čtu a vím 
500 |a Přeloženo ze španělštiny 
500 |a Na obálce uveden ilustrátor Jordi Busquets 
650 0 7 |a čtení  |7 ph128190  |2 czenas 
650 0 9 |a reading  |2 eczenas 
655 7 |a příběhy  |7 fd133204  |2 czenas 
655 7 |a publikace pro děti  |7 fd133156  |2 czenas 
655 9 |a stories  |2 eczenas 
655 9 |a children's literature  |2 eczenas 
700 1 |a Busquets, Jordi,  |d 1961-  |7 mzk2006337273  |4 ill 
765 0 |t Leo y veo la selva  |9 Česky 
830 0 |a Čtu a vím  |0 s 
910 2 |a BOA001  |b 2-1167.678 
990 |a BK 
995 |a 01 
991 |b 200605 
996 6 |b 2610278100  |c 2-1167.678  |l MZK  |r Sklad / do 1 hodiny  |n 2  |p p.v.  |w 000814719  |u 000010  |a 1  |e BOA001  |j MZK50  |s P